Представление документа в формате RUSMARC

ПолеНазваниеЗначение
  Тип записи a
  Библиографический уровень c
001 Контрольный номер RU/SLIB/B/208716083
005 Дата корректировки 20201206203928.8
010 Индекс ISBN __
d Цена 1-30
101 Язык документа __
a Язык текста rus
200 Заглавие и сведения об ответственности 0_
a Заглавие Жизнь и творчество Корнея Чуковского
b Общее обозначение материала Текст
210 Выходные данные __
a Место издания М.
c Издательство Дет. лит.
d Дата издания 1978
215 Физическое описание __
a Объем 317 с.
c Иллюстрации/тип воспроизводства ил.
320 Библиография __
a Библиография Библиогр.: с. 316
600 Персоналии __
a Персоналии (Фамилия) Чуковский, К. И.
606 Тематические рубрики __
a Основная рубрика Литературоведение
z Хронологическая подрубрика 1882-1969 гг.; 19 в.; 20 в.
606 Тематические рубрики __
a Основная рубрика Детская литература
606 Тематические рубрики __
a Основная рубрика Художественная литература
606 Тематические рубрики __
y Географическая подрубрика Россия; СССР
610 Ключевые слова __
a Ключевые слова детские писатели
686 Индексы других классификаций __
a Классификационный индекс 83.3(2Рос=Рус)6-8
686 Индексы других классификаций __
a Классификационный индекс 83.8
686 Индексы других классификаций __
a Классификационный индекс 84(2Рос=Рус)6-4
801 Источник записи _0
a Страна RU
b Организация Муниципальное бюджетное учреждение культуры "Централизованная библиотечная система" г. Сургут (Центральная городская библиотека им. А. С. Пушкина)
g Правила каталогизации К/Пронина
801 Источник записи _1
a Страна RU
b Организация Муниципальное бюджетное учреждение культуры "Централизованная библиотечная система" г. Сургут (Центральная городская библиотека им. А. С. Пушкина)
g Правила каталогизации К/Пронина
852 Данные о местонахождении __
j Шифр хранения 83.3(2Рос=Рус)6-8
c Каталожный индекс 83.3(2Рос=Рус)6-8; 84(2Рос=Рус)6-4; 83.8
i Авторский знак Ж 71
p Инвентарный номер 114137(с)
901 Тип документа __
t Тип документа x
969 Тип издания __
a Тип издания сборник
990 Данные о заказе (DOS) __
j Количество экземпляров (DOS) 1